000 00610nam a2200205Ii 4500
003 JO-AjNU
008 230605s9999||||xx |||||||||||||| ||und||
017 _a2012/7/2747
040 _aJO-AjNU
_bara
_erda
_cJO-AjNU
041 _aara
050 1 4 _aPJ7561.S56 2012
100 3 _aشنينات، علي أحمد,
_eauthor
_949076
245 0 0 _aزغب النوارس
264 3 1 _aعمان:وزارة الثقافة،2012
300 _a113ص
336 _atext
_btxt
_2rdacontent
337 _aunmediated
_bn
_2rdamedia
338 _avolume
_bnc
_2rdacarrier
650 4 _aالشعر العربي-شعر
_949077
999 _aA21533
_c25101
_d25101